000 00439nam a2200169Ia 4500
003 OSt
005 20260303105606.0
008 211028s2003 xx 000 0 und d
040 _cAIMIT LIBRARY
041 _aeng
100 _aThomas, Shalby;Gunaseelan, A.
_g92178
_92252
110 _aGunaseelan, A.
_92253
245 _aAsset management and device maintenace /
260 _aAlwaye
_c2003
710 _aFact
_92254
942 _2ddc
_cPRO
999 _c216835
_d216835